Sanat - "Tähti tähdistä kirkkain" - Statistics

Yleistilastot
  • Tätä visaa on pelattu 28 kertaa
  • Keskiarvotulos 92 / 139
Vastaustilastot
Vastaus % Oikein
taa
100%
sen
94%
tähdistä
94%
joulun
88%
kirkkaimman
88%
taas
88%
Tähden
88%
tähden
88%
81%
sanomaa
81%
tahtoisin
81%
vuosisatain
81%
ja
75%
luonto
75%
On
75%
on
75%
toivoisin
75%
vaiti
75%
hetkisen
69%
lapsen
69%
arki
63%
harmaa
63%
herkkyyden
63%
hohtavan
63%
illansini
63%
johtavan
63%
katson
63%
mielin
63%
pilvinen
63%
se
63%
taivaan
63%
vain
63%
ylös
63%
ajatukset
56%
että
56%
hämärään
56%
jouluntähden
56%
kiireinen
56%
maailmaa
56%
nään
56%
tähtitaivas
56%
toivon
56%
työ
56%
valaisee
56%
avoimin
50%
haluaa
50%
jouluun
50%
kuin
50%
löysi
50%
nähdä
50%
niin
50%
sumentaneet
50%
tuntein
50%
Vaan
50%
vaistosin
50%
vielä
50%
hiljentyä
44%
jos
44%
jotka
44%
kauan
44%
loistais
44%
löytää
44%
niille
44%
sitten
44%
syttyy
44%
tunteen
44%
uskon
44%
vieläkin
44%
voi
44%
jouluntähti
38%
lämpimän
38%
lapsenmieli
38%
löytäisin
38%
taaskin
38%
talvi
38%
tavoitin
38%
vahvan
38%
aikuisena
31%
herkän
31%
hetken
31%
Nyt
31%
ohikiitävän
31%
pienen
31%
tunnelman
31%
Ehtoja vastaavia visoja ei löytynyt
Tulosjakauma
Jokaisen tuloksen saaneiden osuus
Persentiili vastausten määrän mukaan
Tuloshistoriasi
Et ole pelannut tätä visaa